Sports Quiz

Random Sports or World Quiz
Score 0/36 Timer 20:00
0 Plays Today
Hint Answer % Correct
2018, 5xMichael van Gerwen
98.1%
2013, 12xPhil Taylor
97.4%
2016, 5xRaymond van Barneveld
95.9%
2016, 2xGary Anderson
90.4%
2018, 1xPeter Wright
86.5%
2014, 5xJames Wade
85.8%
2010, 1xAdrian Lewis
80.5%
2018, 2xDaryl Gurney
78.8%
2017, 1xSimon Whitlock
70%
2018, 3xMensur Suljovic
64.7%
2012, 2xMervyn King
60.8%
2016, 2xDave Chisnall
58.7%
2005, 2xDennis Smith
58.7%
2015, 1xRobert Thornton
56.5%
2003, 2xRoland Scholten
55.5%
2007, 3xJohn Part
49.3%
2004, 1xSteve Beaton
45.4%
2012, 2xBrendan Dolan
44%
Hint Answer % Correct
2017, 1xJohn Henderson
43.3%
2006, 5xPeter Manley
41.6%
2006, 3xDennis Priestley
41.1%
2009, 1xAndy Hamilton
40.1%
2005, 2xColin Lloyd
38%
2009, 4xTerry Jenkins
36.1%
2015, 1xMark Webster
35.8%
2002, 1xAndy Jenkins
33.9%
2014, 1xStephen Bunting
32%
2012, 1xWes Newton
30%
2013, 1xJustin Pipe
29.8%
1999, 2xRod Harrington
28.6%
2004, 1xRonnie Baxter
28.6%
2001, 1xJohn Lowe
25.7%
2004, 2xAlan Warriner-Little
25%
2011, 1xRichie Burnett
23.6%
2000, 3xShayne Burgess
15.6%
2002, 1xPeter Evison
13.7%
Remove Ads.
Support Sporcle.
Get the best of Sporcle when you Go Orange. This ad-free experience offers more features, more stats, and more fun while also helping to support Sporcle. Thank you for becoming a member.

You're not logged in!

Compare scores with friends on all Sporcle quizzes.
OR
Log In

Show Comments

Extras

Top Quizzes Today


Score Distribution

Your Account Isn't Verified!

In order to create a playlist on Sporcle, you need to verify the email address you used during registration. Go to your Sporcle Settings to finish the process.

Report this User

Report this user for behavior that violates our Community Guidelines.

Details: